El santo de la Isidra /

Guardado en:
Bibliografiske detaljer
Hovedforfatter: Arniches, Carlos (autor)
Format: Bog
Sprog:spansk
Udgivet: Madrid, España : Aguilar, 1966, c1966
Serier:(Crisol ; 23)
Fag:
Tags: Tilføj Tag
Ingen Tags, Vær først til at tagge denne postø!

MARC

LEADER 00000nam^a2200000^a^4500
001 000128777
005 20250526000000.0
009 20260310094848.385
037 |a Acervo ITESO - Biblioteca 
041 |a ESP 
082 |a 862.  |b ARN 
100 |a Arniches, Carlos  |e (autor) 
240 1 4 |a [El amigo Melquíades] 
245 1 3 |a El santo de la Isidra /  |c C. Arniches. 
264 4 |a Madrid, España :  |b Aguilar,  |c 1966, c1966 
300 |a 512 p. ;  |c 8.5 cm. 
440 1 |a (Crisol ;  |v 23) 
649 |a XX 
650 |a Comedia Española 
650 |a Teatro Español 
650 |a Literatura Española -  |y Siglo XIX 
650 |a Literatura Española -  |y Siglo XX 
740 3 |a El amigo Melquíades o Por la boca muere el pez /  |c C. Arniches. 
740 0 |a Del Madrid castizo /  |c C. Arniches. 
910 |a Fondo Salvador Reynoso Reynoso 
920 |a Impresos - Libros 
930 |a Libros Antiguos y Raros 
940 |a Literatura 
905 |a 108 
901 |a 0800010683  |b IT2  |c LRA  |u 20250526 
902 |a https://opac.biblio.iteso.mx/vufind/Record/000128777